Responses for Show #3870 - Friday, June 1, 2001

Contestants

[<< previous game]

Michael Delgado, a graduate student from Cambridge, Massachusetts

Isabelle Cullinen, a restaurant and tour consultant from New York City, New York

Katie Sunseri, a teacher of the visually impaired from New Orleans, Louisiana (whose 2-day cash winnings total $22,200)

[next game >>]

Jeopardy! Round responses

MUSICAL INSTRUMENT ORIGINS
WHITE WINE
FIRST MAN IN SPACE FROM...
TV OR NOT TV
(Alex: We want you to identify the title that was not a network series.)
WHALE OF FORTUNE
(Alex: Vanna hasn't gained that much weight, has she?)
"GEO" PARTY!
(Alex: Audience, oh be quiet!)
    $100 14
Germany

Michael
    $100 3
Vermouth

Katie
    $100 26
Outer Mongolia

Michael
    $100 1
My Four Daughters

Katie
    $100 15
Teeth

Michael
    $100 9
Geometry

Michael
    $200 20
Gong

Isabelle
    $200 6
Chardonnay

Triple Stumper
    $200 27
Canada

Michael
    $200 2
His Gal Shirley

Isabelle
    $200 16
Smell

Michael
    $200 10
Georgia

Katie
    $300 21
(Adolphe) Sax (saxophone)

Michael
    $300 7
Pinot

Katie
    $300 28
Cuba

Michael
    $300 4
Horse Squad

Katie
    $300 17
(Michael: What is spume?)

the spout

Michael
Triple Stumper
    $300 11
George Carlin

Katie
    $400 22
Trombone

Katie
    $400 24
Chablis

Triple Stumper
    $500 29
[The end-of-round signal sounds.]

Poland

Michael
    $400 5
Men of La Mancha

Isabelle
    $400 18
Dolphins

Michael
    $400 12
National Geographic

Katie
    $500 23
(Alex: Less than a minute to go now.)

(Robert) Moog (Moog synthesizer)

Katie
    $500 25
(Isabelle: Who is Gallo?)

Robert Mondavi

Isabelle
Triple Stumper
    $500 8
Make 'Em Pay

Katie
    $500 19
Killer whales

Katie
    $500 13
Geoffrey

Katie

Scores at the first commercial break (after clue 14):

Katie Isabelle Michael
$2,700 $600 $200

Scores at the end of the Jeopardy! Round:

Katie Isabelle Michael
$4,100 $300 $2,000

Double Jeopardy! Round responses

TOUGH ISLANDS
TONY WINNERS OF THE '40s
PEOPLE IN HISTORY
PACKAGING
CHARACTER REFERENCE
ISLAMIC CLUES "K"
    $200 1
Florida

Katie
    $200 2
Death of a Salesman

Isabelle
    $200 4
Mount Everest

Michael
    $200 20
a straw

Katie
    $200 11
(Michael: What is The Amityville Horror?)

Jaws

KatieMichael
    $200 22
The Koran

Isabelle
    $400 17
The Azores

Isabelle
    $400 3
Cyrano de Bergerac

Michael
    $400 5
Catherine de' Medici

Michael
    $400 21
Shrink-wrapping

Michael
    $400 12
Fahrenheit 451

Michael
    $400 23
Kismet

Katie
    $600 18
(Katie: What is Samoa?)

Tonga

Katie
Triple Stumper
    $600 8
Helen Hayes

Katie
    $600 6
Lucrezia Borgia

Michael
    $600 24
Tamper-resistant

Katie
    $1,500 13
Herman Melville

Michael
    $600 27
[The end-of-round signal sounds.]

Kuwait

Katie
    $800 19
(Michael: What is Papua New Guinea?)
...
(Alex: Minute to go.)

New Guinea

IsabelleMichael
    $800 9
Mister Roberts

Katie
    $800 7
Jane Addams

Katie
    $800 25
Blister pack

Isabelle
    $800 14
Go Tell It on the Mountain

Triple Stumper
    $1000 10
(Isabelle: What is Oklahoma!?)

Brigadoon

Isabelle
Triple Stumper
    $1000 16
Carlota

Isabelle
    $1000 26
Nabisco

Isabelle
    $1000 15
Kurt Vonnegut, Jr.

Triple Stumper

Scores at the end of the Double Jeopardy! Round:

Katie Isabelle Michael
$7,900 $3,700 $4,900

[wagering suggestions for these scores]

Final Jeopardy! Round responses

PROFESSIONAL SPORTS
IsabelleWhat are the Hornets?
$600
MichaelWhat is the Charlotte Hornets
$3,151
KatieWhat are the Hornets?
$1,901
the Charlotte Hornets

Final scores:

Katie Isabelle Michael
$9,801 $4,300 $8,051
3-day champion: $32,001 3rd place: Novica.com Shopping Spree 2nd place: Trip to Florida's Space Coast

Game dynamics:

Coryat scores:

Katie Isabelle Michael
$7,900 $3,700 $3,900
21 R,
1 W
10 R,
2 W
17 R
(including 2 DDs),
3 W

Combined Coryat: $15,500

[game clues] [game scores] [suggest correction]

Game tape date: 2001-02-20
The J! Archive is created by fans, for fans. Scraping, republication, monetization, and malicious use prohibited; this site may use cookies and collect identifying information. See terms. The Jeopardy! game show and all elements thereof, including but not limited to copyright and trademark thereto, are the property of Jeopardy Productions, Inc. and are protected under law. This website is not affiliated with, sponsored by, or operated by Jeopardy Productions, Inc. Join the discussion at JBoard.tv.